Most successful team at every olympic sport - Statistics

General Stats
  • This quiz has been taken 46 times
    19 since last reset
  • The average score is 29 of 58
Answer Stats
Sport Team % Correct
Athletics USA
100%
Basketball USA
100%
Basketball (3x3) USA
100%
Beach Volleyball USA
93%
Curling Canada
86%
Table Tennis China
86%
Boxing USA
86%
Swimming USA
86%
Tennis USA
86%
Ice Hockey Canada
79%
Badminton China
79%
Judo Japan
79%
Golf USA
79%
Alpine Skiing Austria
71%
Figure Skating USA
71%
Football USA
71%
Snowboarding USA
71%
Diving China
64%
Biathlon Norway
64%
Taekwondo South Korea
64%
Surfing USA
64%
Nordic Combined Norway
57%
Archery South Korea
57%
Shooting USA
57%
Cross Country Skiing Norway
50%
Ski Jumping Norway
50%
Rowing USA
50%
Skeleton USA
50%
Freestyle Skiing Canada
43%
Weightlifting China
43%
Handball France
43%
Bobsleigh Germany
43%
Rugby Sevens New Zealand
43%
Synchronized Swimming Russia
43%
BMX Freestyle UK
43%
Artistic Gymnastics USSR
43%
BMX Racing France
36%
Equestrian Germany
36%
Field Hockey Netherlands
36%
Speed Skating Netherlands
36%
Rhythmic Gymnastics Russia
36%
Sailing UK
36%
Triathlon UK
36%
Breaking (Breakdance) Canada/Japan
29%
Skateboarding Japan
29%
Road Cycling Netherlands
29%
Wrestling USSR
29%
Track Cycling France
21%
Canoe Race Germany
21%
Fencing Italy
21%
Speed Skating (Short Track) South Korea
21%
Luge Germany
14%
Volleyball USSR
14%
Canoe Slalom France
7%
Modern Pentathlon Hungary
7%
Water Polo Hungary
7%
Marathon Swimming Netherlands
7%
Sport Climbing Slovenia
0%
No matching quizzes found
Score Distribution
Percent of People with Each Score
Percentile by Number Answered
Your Score History
You have not taken this quiz since the last reset